The rise and fall of local elections in China (Record no. 521008)

000 -LEADER
fixed length control field 01382nam a22001457a 4500
008 - FIXED-LENGTH DATA ELEMENTS--GENERAL INFORMATION
fixed length control field 221207b ||||| |||| 00| 0 eng d
100 ## - MAIN ENTRY--PERSONAL NAME
Personal name Bravo, Monica Martinez et al
245 ## - TITLE STATEMENT
Title The rise and fall of local elections in China
260 ## - PUBLICATION, DISTRIBUTION, ETC. (IMPRINT)
Place of publication, distribution, etc The American Economic Review
300 ## - PHYSICAL DESCRIPTION
Extent 112(9), Sep, 2022: p.2921-2958
520 ## - SUMMARY, ETC.
Summary, etc We posit that autocrats introduce local elections when their bureaucratic capacity is low. Local elections exploit citizens' informational advantage in keeping local officials accountable, but they also weaken vertical control. As bureaucratic capacity increases, the autocrat limits the role of elected bodies to regain vertical control. We argue that these insights can explain the introduction of village elections in rural China and the subsequent erosion of village autonomy years later. We construct a novel dataset to document political reforms, policy outcomes, and de facto power for almost four decades. We find that the introduction of elections improves popular policies and weakens unpopular ones. Increases in regional government resources lead to loss of village autonomy, but less so in remote villages. These patterns are consistent with an organizational view of local elections within autocracies. – Reproduced
773 ## - HOST ITEM ENTRY
Main entry heading The American Economic Review
906 ## - LOCAL DATA ELEMENT F, LDF (RLIN)
Subject DIP POLITICS AND GOVERNMENT - CHINA
942 ## - ADDED ENTRY ELEMENTS (KOHA)
Item type Articles
Holdings
Withdrawn status Lost status Source of classification or shelving scheme Damaged status Not for loan Permanent location Current location Date acquired Serial Enumeration / chronology Barcode Date last seen Koha item type
          Indian Institute of Public Administration Indian Institute of Public Administration 2022-12-07 112(9), Sep, 2022: p.2921-2958 AR127568 2022-12-07 Articles

Powered by Koha